Henry James Novels Quiz Stats

 Plays Quiz Updated Apr 15, 2015

Challenge
Share
Tweet
Embed
Score 0/20 Timer 10:00
0 Plays Today
Year Novel % Correct
1881The Portrait of a Lady
74.7%
1904The Golden Bowl
62.1%
1903The Ambassadors
61.9%
1877The American
61.5%
1886The Bostonians
60.2%
1902The Wings of the Dove
60%
1880Washington Square
54.5%
1878The Europeans
48.6%
1897What Maisie Knew
44%
1875Roderick Hudson
36.9%
Year Novel % Correct
1886The Princess Casamassima
30.9%
1897The Spoils of Poynton
29.5%
1871Watch and Ward
27.4%
1899The Awkward Age
23.6%
1890The Tragic Muse
22.1%
1901The Sacred Fount
20.5%
1888The Reverberator
20.1%
1911The Outcry
19.4%
1896The Other House
16.7%
1879Confidence
16.1%

You're not logged in!

Compare scores with friends on all Sporcle quizzes.
Join for Free
OR
Log In

You Might Also Like...

Show Comments

Extras

Top Quizzes Today


Score Distribution

Your Account Isn't Verified!

In order to create a playlist on Sporcle, you need to verify the email address you used during registration. Go to your Sporcle Settings to finish the process.

Report this User

Report this user for behavior that violates our Community Guidelines.

Details: